| 000 | 00357pam a2200157a 44500 | ||
|---|---|---|---|
| 008 | 230515b1993 xxu||||| |||| 00| 0 eng d | ||
| 020 | _aNULL | ||
| 041 | _aENGLISH | ||
| 082 | _a006.27 PAR | ||
| 100 | _aPARR NOEL M | ||
| 245 | _aWATER RESOURCESS AND RESERVOIR ENGINEERING | ||
| 250 | _a1 | ||
| 260 |
_aN _bNA _c1993 |
||
| 300 | _a424 | ||
| 650 | _aNULL | ||
| 999 |
_c637902 _d637902 |
||